|
|
|
|
| LEADER |
00000naa2a2200000 4500 |
| 001 |
225811 |
| 005 |
20231031201034.0 |
| 035 |
|
|
|a (RuTPU)RU\TPU\book\246171
|
| 035 |
|
|
|a RU\TPU\book\246160
|
| 090 |
|
|
|a 225811
|
| 100 |
|
|
|a 20121115d1984 k y0rusy50 ca
|
| 101 |
0 |
|
|a rus
|
| 102 |
|
|
|a RU
|
| 200 |
1 |
|
|a Радиационные свойства пиронитрида бора
|f Г. А. Дергалева [и др.]
|
| 320 |
|
|
|a Библиогр.: 1 назв.
|
| 461 |
|
1 |
|0 (RuTPU)RU\TPU\book\95662
|t Нитриды: методы получения, свойства и области применения
|o тезисы докладов V Всесоюзного семинара: в 2 т.
|f Институт неорганической химии АН Латвийской ССР; Институт проблем материаловедения АН Украинской ССР; под ред. Т. Миллера
|d 1984-
|
| 463 |
|
1 |
|0 (RuTPU)RU\TPU\book\93274
|t Т. 1
|v С. 108-110
|d 1984
|p 148 с.
|
| 610 |
1 |
|
|a труды учёных ТПУ
|
| 701 |
|
1 |
|a Дергалева
|b Г. А.
|
| 701 |
|
1 |
|a Ильин
|b А. П.
|c химик
|c профессор Томского политехнического университета, доктор физико-математических наук
|f 1949-
|g Александр Петрович
|2 stltpush
|3 (RuTPU)RU\TPU\pers\25487
|
| 701 |
|
1 |
|a Лопатин
|b В. В.
|c электрофизик
|c доктор физико-математических наук, профессор Томского политехнического университета, заместитель директора по научной работе ИФВТ ТПУ
|f 1947-
|g Владимир Васильевич
|2 stltpush
|3 (RuTPU)RU\TPU\pers\20662
|
| 701 |
|
1 |
|a Полоскова
|b Н. К.
|
| 701 |
|
1 |
|a Пыхов
|b В. З.
|
| 701 |
|
1 |
|a Сивцов
|b В. П.
|
| 801 |
|
1 |
|a RU
|b 63413507
|c 20121115
|
| 801 |
|
2 |
|a RU
|b 63413507
|c 20121115
|g RCR
|
| 942 |
|
|
|c BK
|